000 00508nam a2200193 i 4500
001 bgj
100 1 _aSNYDER, Louis [Leo]
245 1 0 _aWorld War II /
_cBy Louis L. Snyder.
250 _aRevised edition.
260 _aNew York :
_bFranklin Watts,
_c1981.
300 _a90 pp :
_bphotos, maps ;
_c23 cm.
505 _aIncludes index.
650 9 _aWorld War, 1939-1945
655 _aJuvenile literature
040 _cBPK
041 0 _aeng
942 _cKS
008 s uk f |000 0 eng
999 _c48640
_d48640
856 _uhttp://koha.tu.koszalin.pl/cgi-bin/koha/opac-detail.pl?biblionumber=48640
_yKatalog online BPK